Buku laporan. (Record no. 88755)

MARC details
000 -LEADER
fixed length control field 00667cam a22002171 4500
001 - CONTROL NUMBER
control field sa 68018988
003 - CONTROL NUMBER IDENTIFIER
control field DLC
005 - DATE AND TIME OF LATEST TRANSACTION
control field 20260227112716.0
008 - FIXED-LENGTH DATA ELEMENTS--GENERAL INFORMATION
fixed length control field 720619s1964 xx 100 0 ind
010 ## - LIBRARY OF CONGRESS CONTROL NUMBER
LC control number sa 68018988
035 ## - SYSTEM CONTROL NUMBER
System control number (OCoLC)336012
040 ## - CATALOGING SOURCE
Original cataloging agency DLC
Transcribing agency OAU
Modifying agency OCoLC
-- DLC
050 00 - LIBRARY OF CONGRESS CALL NUMBER
Classification number BX1653.A1
Item number K654 1964
111 1# - MAIN ENTRY--MEETING NAME
Meeting name or jurisdiction name as entry element Konperensi Panitia Sosial Para Waligeredja Indonesia,
Location of meeting Bandung, Indonesia,
Date of meeting or treaty signing 1964.
245 10 - TITLE STATEMENT
Title Buku laporan.
260 ## - PUBLICATION, DISTRIBUTION, ETC.
Place of publication, distribution, etc. [Semarang?
Date of publication, distribution, etc. 1964?]
300 ## - PHYSICAL DESCRIPTION
Extent 172 p.
Dimensions 21 cm.
504 ## - BIBLIOGRAPHY, ETC. NOTE
Bibliography, etc. note Bibliography: p. 29-33.
610 20 - SUBJECT ADDED ENTRY--CORPORATE NAME
Corporate name or jurisdiction name as entry element Catholic Church
Geographic subdivision Indonesia
Form subdivision Congresses.
650 #0 - SUBJECT ADDED ENTRY--TOPICAL TERM
Topical term or geographic name entry element Christian sociology
General subdivision Catholic Church
Form subdivision Congresses.

No items available.

Powered by Koha